Statistiques concernant Les Serdaigles dans Harry Potter

Cliquez ici pour prendre le quiz!

Statistiques générales

  • Ce quiz a été pris 71 fois
  • Le résultat moyen est 8 sur 17

Statistiques - réponses

Personnages% Correct
2Cho Chang
98%
1Luna Lovegood
98%
3Filius Flitwick
77%
4Gilderoy Lockhart
67%
10Helena Serdaigle
61%
8Padma Patil
58%
15Rowena Serdaigle
58%
16Anthony Goldstein
38%
12Michael Corner
38%
6Sibylle Trelawney
38%
14Marietta Edgecombe
36%
9Quirinus Quirrell
32%
7Garrick Ollivander
30%
17Roger Davies
29%
11Terry Boot
26%
13Pénélope Deauclaire
23%
5Mimi Geignarde
18%

Distribution des résultats

Percentile par nombre de réponses

% des personnes avec chaque résultat

Votre développement - résultats

Vous n’avez pas pris ce quiz